<?xml version="1.0" encoding="UTF-8"?>
<marc:record xmlns:marc="http://www.loc.gov/MARC21/slim">
   <marc:leader>00000nam a2200000 a 4500</marc:leader>
   <marc:datafield ind1="1" ind2=" " tag="100">
      <marc:subfield code="a">Jackson, Lisa</marc:subfield>
      <marc:subfield code="4">aut</marc:subfield>
      <marc:subfield code="e">Verfasser/-in</marc:subfield>
   </marc:datafield>
   <marc:datafield ind1="0" ind2="0" tag="245">
      <marc:subfield code="a">Never Safe</marc:subfield>
   </marc:datafield>
   <marc:datafield ind1="0" ind2="0" tag="245">
      <marc:subfield code="b">Wann wirst du sicher sein?</marc:subfield>
   </marc:datafield>
   <marc:datafield ind1="0" ind2="0" tag="245">
      <marc:subfield code="c">Lisa Jackson</marc:subfield>
   </marc:datafield>
   <marc:datafield ind1=" " ind2="1" tag="264">
      <marc:subfield code="a">München</marc:subfield>
      <marc:subfield code="b">Droemer</marc:subfield>
      <marc:subfield code="c">2024</marc:subfield>
   </marc:datafield>
   <marc:datafield ind1="1" ind2=" " tag="520">
      <marc:subfield code="a">Es war ein Tag, der ihr Leben in einen Albtraum verwandelte: An Heiligabend entkam die damals 7-jährige Kara einem Mörder, der ihre halbe Familie umbrachte. Jetzt, knapp zwanzig Jahre später, kommt ihr Halbbruder Jonas, der damals für die Morde verurteilt wurde, überraschend frei. Gleichzeitig erhält Kara plötzlich kryptische Nachrichten, und sie kann das Gefühl nicht abschütteln, dass sie etwas mit ihrer älteren Schwester zu tun haben. Marlie, die sie an jenem schrecklichen Heiligabend zwang, sich zu verstecken, und von der seither jede Spur fehlt. Während Kara noch versucht, die neuesten Entwicklungen zu verarbeiten, kommt es zu einem Mord in ihrem näheren Umfeld. Bald schon fürchtet Kara erneut um ihr Leben ...</marc:subfield>
   </marc:datafield>
   <marc:datafield ind1=" " ind2=" " tag="020">
      <marc:subfield code="a">9783426227923</marc:subfield>
      <marc:subfield code="9">9783426227923</marc:subfield>
   </marc:datafield>
   <marc:datafield ind1=" " ind2=" " tag="020">
      <marc:subfield code="a">3426227924</marc:subfield>
      <marc:subfield code="9">3426227924</marc:subfield>
   </marc:datafield>
   <marc:datafield ind1=" " ind2=" " tag="500">
      <marc:subfield code="a">Aus dem Amerik. übers.</marc:subfield>
   </marc:datafield>
   <marc:datafield ind1=" " ind2=" " tag="300">
      <marc:subfield code="a">475 S.</marc:subfield>
   </marc:datafield>
</marc:record>
